[Event "Tournoi Skype 024B"]
[Site "Skype"]
[Date "????.??.??"]
[Round "1.35"]
[White "Battaglia, Gabriele"]
[Black "Mishra, Sourabh"]
[Result "0-1"]
[WhiteElo "1282"]
[BlackElo "1000"]
[PlyCount "88"]

1. Nf3 Nc6 2. g3 Nf6 3. Bg2 e5 4. d3 Bc5 5. O-O O-O 6. Nbd2 Re8 7. e4 Ne7 8.
Nxe5 d6 9. Nef3 Bg4 10. Qe1 c6 11. b3 Ng6 12. Bb2 Nd5 13. a3 Nde7 14. Qc1 Qc7
15. c4 Rad8 16. Qc3 f6 17. Ng5 Nc8 18. Rae1 fxg5 19. Nf3 h6 20. e5 Rf8 21. d4
Bb6 22. exd6 Rxd6 23. c5 Bxc5 24. dxc5 Rdf6 25. Re3 Nce7 26. Qc4+ Nd5 27. Bxf6
Rxf6 28. Re8+ Kh7 29. Qxg4 Nge7 30. Re1 Rf7 31. Qe4+ g6 32. Ne5 Rg7 33. Bf1 Nf6
34. Qc2 Nxe8 35. Bd3 Qa5 36. Bxg6+ Nxg6 37. b4 Qc7 38. Nxg6 Rxg6 39. Rxe8 Qf7
40. Re5 Kg8 41. Qd3 Rf6 42. Qd4 Qa2 43. Qd8+ Rf8 44. Re8 Qxf2+ 0-1

[Event "Tournoi Skype 024B"]
[Site "Skype"]
[Date "????.??.??"]
[Round "1.36"]
[White "Perez, Luis-Horacio"]
[Black "Hargez, Dany"]
[Result "1-0"]
[WhiteElo "1000"]
[BlackElo "1277"]
[PlyCount "61"]

1. e4 e5 2. Bc4 Nf6 3. d3 d5 4. Bb3 Bc5 5. Nf3 Bg4 6. O-O Nc6 7. c3 Qd7 8. Nbd2
d4 9. h3 h5 10. Qe1 dxc3 11. bxc3 Qxd3 12. Ng5 Qxc3 13. Bxf7+ Ke7 14. Rb1 Nd8
15. Bb2 Qd3 16. Bc4 Qd6 17. Ngf3 Bxf3 18. Nxf3 Nc6 19. Rd1 Nd4 20. Nxd4 Bxd4
21. Bc1 c5 22. Bg5 Qd7 23. Kh1 Kd8 24. f4 Re8 25. fxe5 Rxe5 26. Bxf6+ gxf6 27.
Rxf6 Kc7 28. Qa5+ b6 29. Qa6 Rxe4 30. Rf2 Be5 31. Rxd7+ 1-0

[Event "Tournoi Skype 024B"]
[Site "Skype"]
[Date "????.??.??"]
[Round "1.37"]
[White "Bankhede, Shivkumar"]
[Black "Pezzolato, Erica"]
[Result "1/2-1/2"]
[WhiteElo "1274"]
[BlackElo "1000"]
[PlyCount "82"]

1. d4 Nf6 2. c4 g6 3. Nf3 Bg7 4. Nc3 O-O 5. e3 d6 6. Bd3 Nbd7 7. O-O e5 8. dxe5
Nxe5 9. Nxe5 dxe5 10. Re1 Bg4 11. Qc2 c5 12. Na4 b6 13. Be4 Nxe4 14. Qxe4 Bf5
15. Qd5 Qxd5 16. cxd5 e4 17. Rd1 Bg4 18. Rd2 Rad8 19. h3 Bd7 20. Nc3 f5 21. a4
a6 22. Ra3 c4 23. Ne2 Be5 24. Nf4 Rf6 25. Rc2 Rc8 26. Bd2 Bxf4 27. exf4 Rd6 28.
b3 Rxd5 29. Be3 Rd1+ 30. Kh2 b5 31. bxc4 Rxc4 32. Rxc4 bxc4 33. a5 Rd3 34. Ra2
Be6 35. Rb2 Ra3 36. Rb6 Bf7 37. Rb8+ Kg7 38. Bb6 c3 39. Rc8 Be6 40. Bd4+ Kh6
41. Rxc3 Rxa5 1/2-1/2

[Event "Tournoi Skype 024B"]
[Site "Skype"]
[Date "????.??.??"]
[Round "1.38"]
[White "Ramirez, Luis Antonio"]
[Black "Wahule, Satish"]
[Result "0-1"]
[WhiteElo "1000"]
[BlackElo "1272"]
[PlyCount "38"]

1. e4 d6 2. d4 Nd7 3. c3 e5 4. Nf3 Ngf6 5. Nbd2 c5 6. Bc4 Qc7 7. O-O cxd4 8.
cxd4 exd4 9. Qb3 Nc5 10. Bxf7+ Qxf7 11. Qxf7+ Kxf7 12. Nxd4 Be7 13. N2f3 Re8
14. e5 dxe5 15. Nxe5+ Kg8 16. Re1 Bd6 17. Be3 Bxe5 18. Nf3 Nd3 19. Red1 Nxb2
0-1

[Event "Tournoi Skype 024B"]
[Site "Skype"]
[Date "????.??.??"]
[Round "1.39"]
[White "Sanchez Padilla, Armando Edilber"]
[Black "Rosenkoetter, David"]
[Result "1-0"]
[WhiteElo "1271"]
[BlackElo "1000"]
[PlyCount "65"]

1. e4 c5 2. Nf3 Nc6 3. c3 g6 4. d4 cxd4 5. cxd4 Nf6 6. e5 Nd5 7. Bc4 Nb6 8. Bb3
Bg7 9. Ng5 O-O 10. Qf3 e6 11. O-O Nxd4 12. Qh3 h6 13. Ne4 Nf5 14. Nbc3 Qh4 15.
Qxh4 Nxh4 16. Re1 Bxe5 17. Bxh6 Bg7 18. Bg5 Nf5 19. Nb5 Nd5 20. Bxd5 exd5 21.
Ned6 Nxd6 22. Nxd6 b6 23. Be7 Bxb2 24. Rad1 Bc3 25. Re3 Bg7 26. Rxd5 Bh6 27.
Rh3 Bb7 28. Nxb7 Rfe8 29. Re5 Rac8 30. g3 Rc1+ 31. Kg2 Rc2 32. Rxh6 Rxa2 33.
Bf6 1-0

[Event "Tournoi Skype 024B"]
[Site "Skype"]
[Date "????.??.??"]
[Round "1.40"]
[White "Sanchez, Pedro"]
[Black "Hernandez Lopez, Joaquin"]
[Result "1-0"]
[WhiteElo "1000"]
[BlackElo "1270"]
[PlyCount "67"]

1. e4 c5 2. c3 Nc6 3. Be2 d6 4. Nf3 Nf6 5. h3 Nxe4 6. O-O e5 7. Re1 g6 8. Bb5
Bd7 9. Rxe4 Bg7 10. b4 cxb4 11. cxb4 a6 12. Bxc6 Bxc6 13. Rc4 e4 14. Nc3 O-O
15. Ne1 Qg5 16. d4 e3 17. Bxe3 Qf6 18. Rc1 b5 19. Rxc6 Rac8 20. Rxa6 Rfe8 21.
Rb1 Rxc3 22. d5 Rc4 23. Qe2 Bf8 24. a4 Qc3 25. axb5 Rce4 26. b6 Bh6 27. b7 Qc7
28. Ra7 Bxe3 29. fxe3 Rxe3 30. Qxe3 Rxe3 31. Ra8+ Kg7 32. b8=Q Qe7 33. Qh8+ Kh6
34. Qf8+ 1-0

[Event "Tournoi Skype 024B"]
[Site "Skype"]
[Date "????.??.??"]
[Round "1.41"]
[White "Le Bouill, Pierre"]
[Black "Schuh, David"]
[Result "1-0"]
[WhiteElo "1265"]
[BlackElo "1000"]
[PlyCount "53"]

1. Nf3 d5 2. c4 e6 3. b3 Nc6 4. Bb2 Nf6 5. d3 Bd6 6. g3 O-O 7. Bg2 Bd7 8. O-O
dxc4 9. dxc4 Rc8 10. Nc3 e5 11. e4 Nh5 12. Nh4 Nb4 13. a3 Na6 14. Qxh5 g6 15.
Qe2 Nc5 16. Qd1 Be7 17. Nd5 Bxh4 18. gxh4 Qxh4 19. Qf3 f5 20. Qg3 Qh5 21. Ne7+
Kg7 22. Nxc8 Bxc8 23. Qxe5+ Rf6 24. Qxf6+ Kh6 25. Bc1+ Qg5 26. Bxg5+ Kh5 27.
Bf3# 1-0

[Event "Tournoi Skype 024B"]
[Site "Skype"]
[Date "????.??.??"]
[Round "1.42"]
[White "Tembhurnekar, Ritu"]
[Black "Felippe E Silva, Glenda"]
[Result "0-1"]
[WhiteElo "1000"]
[BlackElo "1259"]
[PlyCount "102"]

1. e4 c6 2. Nc3 d5 3. e5 e6 4. Nf3 Nd7 5. d4 Nh6 6. Bd3 Nf5 7. O-O c5 8. Bg5
Be7 9. Bf4 Nxd4 10. Nxd4 cxd4 11. Nb5 Qb6 12. c4 a6 13. Na3 Qxb2 14. Nc2 Qb6
15. Rb1 Qc7 16. Re1 dxc4 17. Bf1 d3 18. Nd4 O-O 19. Qf3 Bc5 20. Re4 Bxd4 21.
Rxd4 Nxe5 22. Qe4 f6 23. g3 b5 24. Bg2 Rb8 25. a3 Bb7 26. Qe3 Bxg2 27. Kxg2 Qc5
28. Rb4 a5 29. Rb2 Qxa3 30. Rb1 Qa2 31. Rc1 Qe2 32. Qxe2 dxe2 33. Re4 Rbe8 34.
Rxe2 Nd3 35. Rcc2 Nxf4+ 36. gxf4 e5 37. f5 Rd8 38. Re4 Rd4 39. Re3 a4 40. Rcc3
b4 41. Rc1 b3 42. Re2 a3 43. h4 b2 44. Rb1 c3 45. Re3 a2 46. Rbe1 a1=Q 47. Rxa1
bxa1=Q 48. h5 Qb2 49. Kg3 Qd2 50. Rf3 Rf4 51. Rxf4 Qxf4+ 0-1

[Event "Tournoi Skype 024B"]
[Site "Skype"]
[Date "????.??.??"]
[Round "1.43"]
[White "Maccaferri, Massimo"]
[Black "Tiberio, Pedro"]
[Result "0-1"]
[WhiteElo "1248"]
[BlackElo "1000"]
[PlyCount "38"]

1. e4 e6 2. d4 d5 3. Nc3 Nf6 4. Bd3 c5 5. Be3 c4 6. Be2 Qb6 7. e5 Nfd7 8. b3
Bb4 9. Qd2 Qa5 10. O-O-O Bxc3 11. b4 Qxb4 12. Qxc3 Qxc3 13. Nf3 Nc6 14. a3 Na5
15. Kb1 Qxa3 16. Ng5 Nb6 17. Bh5 g6 18. Bg4 Na4 19. Bc1 Nc3# 0-1

[Event "Tournoi Skype 024B"]
[Site "Skype"]
[Date "????.??.??"]
[Round "1.44"]
[White "Uribe, Tata"]
[Black "Dhenain, Sebastien"]
[Result "0-1"]
[WhiteElo "1000"]
[BlackElo "1244"]
[PlyCount "62"]

1. e4 e5 2. Nc3 Nf6 3. Bc4 Bb4 4. a3 Bxc3 5. bxc3 Nxe4 6. f3 Nf6 7. Ne2 O-O 8.
O-O d5 9. Bb5 Bd7 10. Bd3 e4 11. fxe4 dxe4 12. Bc4 Re8 13. Nd4 Nc6 14. Nf3 exf3
15. Qxf3 Bg4 16. Qxg4 Nxg4 17. h3 Nf6 18. d4 g6 19. Bg5 Qe7 20. Rae1 Qxa3 21.
Bxf6 Rxe1 22. Rxe1 Qxc3 23. Bb5 Qxe1+ 24. Kh2 a6 25. Bd3 Qb4 26. d5 Qd6+ 27.
Kg1 Qxf6 28. dxc6 Qxc6 29. c4 Re8 30. g3 Re1+ 31. Kh2 Qh1# 0-1

[Event "Tournoi Skype 024B"]
[Site "Skype"]
[Date "????.??.??"]
[Round "1.45"]
[White "Porcabeuf, Jean-Marc"]
[Black "Gagnon, Sindy"]
[Result "1-0"]
[WhiteElo "1098"]
[BlackElo "1000"]
[PlyCount "71"]

1. d4 Nf6 2. e3 e6 3. Bd3 h6 4. Nf3 Bd6 5. O-O O-O 6. Re1 Qe7 7. e4 e5 8. Nbd2
exd4 9. Nxd4 Qe5 10. N4f3 Qh5 11. Nc4 Bc5 12. e5 Ng4 13. h3 Nxf2 14. Qe2 Nxh3+
15. Kf1 Ng5 16. Be4 Qh1+ 17. Ng1 Na6 18. Ne3 Nb4 19. Qf2 Be7 20. Ke2 Nxe4 21.
Qf3 Nc5 22. Nh3 Bh4 23. Rxh1 d5 24. Nf4 Rd8 25. Rxh4 d4 26. Ng4 Nxc2 27. Rb1
Ne1 28. Kxe1 d3 29. Nh5 b5 30. Nhf6+ gxf6 31. Nxf6+ Kf8 32. Bxh6+ Ke7 33. Bg5
Rb8 34. Nh5+ f6 35. Qxf6+ Ke8 36. Qe7# 1-0

[Event "Tournoi Skype 024B"]
[Site "Skype"]
[Date "????.??.??"]
[Round "1.46"]
[White "Chavez, Isidro"]
[Black "Santos, Joselito"]
[Result "0-1"]
[WhiteElo "1000"]
[BlackElo "1000"]
[PlyCount "92"]

1. e4 e6 2. Nc3 g6 3. h3 h6 4. Nf3 a6 5. d4 Ne7 6. e5 c6 7. Be3 Qa5 8. Bd3 Nd5
9. Be2 Nxc3 10. Bd2 b5 11. Bxc3 Bb4 12. Qd2 Bxc3 13. Qxc3 Qxc3+ 14. bxc3 a5 15.
O-O Na6 16. Rad1 Nc7 17. a3 O-O 18. Nh4 Ba6 19. f4 Nd5 20. Rf3 b4 21. Bxa6 Rxa6
22. cxb4 axb4 23. axb4 Nxb4 24. c3 Nd5 25. c4 Nb4 26. Rb3 Rb8 27. Rdb1 Rab6 28.
c5 Rb5 29. Rg3 Kh7 30. Kh2 Nd5 31. Rc1 Rb3 32. Nf3 Nxf4 33. Nd2 Rxg3 34. Kxg3
Ne2+ 35. Kh2 Nxc1 36. Nc4 Ne2 37. Nb6 Rb7 38. d5 exd5 39. Nc8 d4 40. Nd6 d3 41.
Nxb7 d2 42. e6 fxe6 43. h4 d1=Q 44. Nd8 Qg1+ 45. Kh3 Qh1+ 46. Kg4 Qxg2# 0-1

[Event "Tournoi Skype 024B"]
[Site "Skype"]
[Date "????.??.??"]
[Round "2.1"]
[White "Almiron, Patricia"]
[Black "Harmelle, Dominique"]
[Result "0-1"]
[WhiteElo "1304"]
[BlackElo "1551"]
[PlyCount "164"]

1. g3 e6 2. c4 c6 3. h4 d5 4. e4 Nf6 5. cxd5 cxd5 6. exd5 Nxd5 7. Bb5+ Bd7 8.
Qa4 Bc5 9. Nf3 O-O 10. Bxd7 Nxd7 11. O-O a6 12. h5 b5 13. Qe4 N7f6 14. Qe5 Qb6
15. d4 Bd6 16. Qg5 h6 17. Qh4 Be7 18. Bd2 Nh7 19. Qe4 f5 20. Qd3 Rac8 21. Re1
Bf6 22. Kg2 Rfe8 23. a4 b4 24. a5 Qb7 25. Kh3 Rc6 26. Ne5 Bxe5 27. dxe5 Qf7 28.
Kh4 Rec8 29. Rh1 Rc4+ 30. f4 Qe7+ 31. Kh3 Qa7 32. Qf3 Rc2 33. Qb3 Qd4 34. Ra2
Nf8 35. Rf1 Nd7 36. Bxb4 Qxb4 37. Qxb4 Nxb4 38. Na3 Rd2 39. Nb1 Rd4 40. Ra3 Nc2
41. Rc3 Rdc4 42. Rxc4 Rxc4 43. b3 Rd4 44. Rc1 Ne3 45. Rc3 Nd5 46. Rc6 Rd1 47.
Rc8+ Kf7 48. Na3 Ne3 49. Kh2 Rd2+ 50. Kh3 Nf1 51. Rc2 Rh2+ 52. Rxh2 Nxh2 53.
Kxh2 Nb8 54. Nc4 Ke7 55. Nd6 Kd7 56. Nb7 Nc6 57. Nc5+ Kc7 58. Nxe6+ Kb7 59.
Nxg7 Nxa5 60. Nxf5 Nxb3 61. Nxh6 a5 62. Ng4 a4 63. Ne3 a3 64. Ng4 a2 65. Ne3
Kc6 66. Nf5 a1=Q 67. h6 Qa2+ 68. Kh3 Qf2 69. g4 Nd2 70. Nd4+ Kd7 71. e6+ Ke7
72. Nf5+ Kxe6 73. Nd4+ Kf6 74. g5+ Ke7 75. Nf5+ Kf8 76. g6 Qe3+ 77. Kg4 Qf3+
78. Kg5 Ne4+ 79. Kh4 Qxf4+ 80. Kh5 Qxf5+ 81. Kh4 Qf4+ 82. Kh5 Ng3# 0-1

[Event "Tournoi Skype 024B"]
[Site "Skype"]
[Date "????.??.??"]
[Round "2.4"]
[White "De Coninck, Philippe"]
[Black "Scata, Laura"]
[Result "0-1"]
[WhiteElo "1475"]
[BlackElo "1304"]
[PlyCount "42"]

1. e4 c6 2. d4 d5 3. e5 Bf5 4. Nf3 e6 5. Be2 Nd7 6. O-O c5 7. c3 Ne7 8. h3 Nc6
9. Bd3 Bxd3 10. Qxd3 Qb6 11. a3 Be7 12. b4 c4 13. Qd1 a5 14. Bb2 O-O 15. Re1
axb4 16. cxb4 Na5 17. Nbd2 Rfc8 18. Qc2 Nc6 19. Rac1 Bxb4 20. axb4 Nxb4 21.
Nxc4 dxc4 0-1

[Event "Tournoi Skype 024B"]
[Site "Skype"]
[Date "????.??.??"]
[Round "2.5"]
[White "Yanez, Leticia Jorgelina"]
[Black "Martin, Jean-Claude"]
[Result "0-1"]
[WhiteElo "1293"]
[BlackElo "1471"]
[PlyCount "48"]

1. e4 d5 2. exd5 Qxd5 3. Nc3 Qa5 4. d4 Nf6 5. Bd2 c6 6. Nf3 Bg4 7. Be2 e6 8.
Ne5 Bxe2 9. Nxe2 Qc7 10. O-O Bd6 11. Bf4 Ne4 12. f3 Nf6 13. Ng3 g6 14. Re1 Nbd7
15. Kh1 Bxe5 16. dxe5 Nd5 17. Qd2 Nxf4 18. Qxf4 O-O 19. Rad1 Rad8 20. Rd6 Qb6
21. Qd4 Qxd4 22. Rxd4 Nxe5 23. Rxd8 Rxd8 24. Rxe5 Rd1+ 0-1

[Event "Tournoi Skype 024B"]
[Site "Skype"]
[Date "????.??.??"]
[Round "2.6"]
[White "Pouteau, Pascal"]
[Black "Amato, Ludovica"]
[Result "0-1"]
[WhiteElo "1470"]
[BlackElo "1289"]
[PlyCount "98"]

1. e4 e5 2. Nf3 Nf6 3. Nc3 Nc6 4. Bc4 Bc5 5. O-O d6 6. h3 O-O 7. d3 h6 8. Na4
Bb6 9. Nxb6 axb6 10. c3 d5 11. Bb5 dxe4 12. Bxc6 bxc6 13. Nxe5 exd3 14. Nxc6
Qd6 15. Nd4 Ba6 16. Re1 Rfe8 17. Rxe8+ Rxe8 18. Be3 Qd5 19. Qd2 c5 20. Nf3 Bb7
21. Ne1 Rd8 22. b3 b5 23. Rd1 c4 24. bxc4 bxc4 25. Rb1 Ne4 26. Qb2 Bc6 27. Rd1
Ba4 28. Nc2 Bxc2 29. Rc1 d2 30. Qxc2 dxc1=Q+ 31. Qxc1 Qd1+ 32. Qxd1 Rxd1+ 33.
Kh2 Nxc3 34. a3 Na4 35. Kg3 c3 36. Kf3 c2 37. Ke2 c1=Q 38. Bxc1 Rxc1 39. Kd2
Rc3 40. Ke2 Kf8 41. Kd2 Ke7 42. Ke2 Kd6 43. Kd2 Kd5 44. Ke2 Kd4 45. f3 Rc2+ 46.
Kf1 Ke3 47. Kg1 Rf2 48. Kh2 Kf4 49. Kg1 Kg3 0-1

[Event "Tournoi Skype 024B"]
[Site "Skype"]
[Date "????.??.??"]
[Round "2.7"]
[White "Wahule, Satish"]
[Black "Malbec, Robert"]
[Result "0-1"]
[WhiteElo "1272"]
[BlackElo "1451"]
[PlyCount "134"]

1. c4 e5 2. Nc3 Nf6 3. d3 c6 4. Nf3 Qc7 5. e4 Bc5 6. d4 exd4 7. Nxd4 Bb4 8. Bd3
O-O 9. O-O Bxc3 10. bxc3 Qe5 11. f4 Qa5 12. Qc2 d6 13. Be3 Ng4 14. Nb3 Qh5 15.
Rf3 Qxh2+ 16. Kf1 Nxe3+ 17. Rxe3 Qxf4+ 18. Rf3 Qe5 19. Re1 Bg4 20. Rf2 Qh2 21.
Rd2 Nd7 22. Nd4 Ne5 23. Qc1 Nxd3 24. Rxd3 Be6 25. Nf3 Qh5 26. Rxd6 Bxc4+ 27.
Kf2 Bxa2 28. Rh1 Qc5+ 29. Rd4 Rad8 30. Qe3 Rxd4 31. cxd4 Qc2+ 32. Kg3 f6 33.
Qf4 Qc3 34. Qh4 h6 35. Qg4 Kf7 36. Qd7+ Kg8 37. Qg4 Kh8 38. Rh3 Qc4 39. Nh4 Rf7
40. Qc8+ Kh7 41. Qf5+ Kg8 42. Qg6 Qxd4 43. Nf5 Qe5+ 44. Kf2 Qf4+ 45. Rf3 Qg5
46. Qxg5 hxg5 47. Ra3 Be6 48. Nd6 Rd7 49. Nf5 Bxf5 50. exf5 a6 51. Kf3 Kf7 52.
g3 g6 53. g4 gxf5 54. gxf5 Ke7 55. Re3+ Kf7 56. Kg3 b5 57. Ra3 Ra7 58. Kf3 a5
59. Ke4 a4 60. Kd4 Rd7+ 61. Kc5 Rd5+ 62. Kxc6 Rxf5 63. Kd6 Kg6 64. Ke6 Re5+ 65.
Kd6 g4 66. Kc6 Kg5 67. Kd6 Kh4 0-1

[Event "Tournoi Skype 024B"]
[Site "Skype"]
[Date "????.??.??"]
[Round "2.8"]
[White "Couto, Januario"]
[Black "Sanchez Padilla, Armando Edilber"]
[Result "1-0"]
[WhiteElo "1441"]
[BlackElo "1271"]
[PlyCount "59"]

1. e4 e5 2. Nf3 Nc6 3. Bb5 Nge7 4. c3 a6 5. Ba4 b5 6. Bb3 d5 7. exd5 Nxd5 8.
O-O Be7 9. d4 e4 10. Ne5 Nxe5 11. dxe5 Be6 12. Re1 c5 13. Rxe4 c4 14. Bc2 Bf5
15. Re1 Bxc2 16. Qxc2 Nc7 17. Nd2 Ne6 18. Nf3 O-O 19. Rd1 Qb6 20. Be3 Bc5 21.
Nd4 Rad8 22. Qe4 Rfe8 23. Nxe6 Rxe6 24. Rxd8+ Qxd8 25. Bxc5 Qe8 26. Bd4 g6 27.
Re1 Kg7 28. f4 f5 29. exf6+ Kf7 30. Qb7+ 1-0

[Event "Tournoi Skype 024B"]
[Site "Skype"]
[Date "????.??.??"]
[Round "2.9"]
[White "Cayo, Ana Carolina"]
[Black "Le Bouill, Pierre"]
[Result "1-0"]
[WhiteElo "1424"]
[BlackElo "1265"]
[PlyCount "61"]

1. d4 Nf6 2. Nf3 d6 3. Bg5 h6 4. Bh4 c5 5. e3 a6 6. dxc5 Qa5+ 7. Nbd2 Qxc5 8.
Bd3 e6 9. Bxf6 gxf6 10. Nb3 Qc7 11. O-O e5 12. Be4 Rg8 13. Nh4 Nd7 14. Qf3 Be7
15. Nf5 Rh8 16. Qh5 Nc5 17. Bd5 Bxf5 18. Qxf5 Nxb3 19. cxb3 Rc8 20. h3 Qd7 21.
Qxd7+ Kxd7 22. Bxb7 Rcf8 23. Bxa6 Bd8 24. Rac1 Bb6 25. Bb5+ Ke7 26. b4 Rb8 27.
a4 Ra8 28. a5 Ba7 29. Rc7+ Ke6 30. Bc6 Rac8 31. Bd7+ 1-0

[Event "Tournoi Skype 024B"]
[Site "Skype"]
[Date "????.??.??"]
[Round "2.10"]
[White "Felippe E Silva, Glenda"]
[Black "Milanese, Serge"]
[Result "0-1"]
[WhiteElo "1259"]
[BlackElo "1411"]
[PlyCount "54"]

1. d4 Nf6 2. Nf3 d5 3. Bf4 Nc6 4. e3 e6 5. c3 a6 6. Bd3 Bd6 7. Bg3 O-O 8. O-O
Re8 9. Nbd2 h6 10. Re1 e5 11. dxe5 Nxe5 12. Nxe5 Bxe5 13. Bxe5 Rxe5 14. Nf3 Re7
15. Nd4 c5 16. Nf5 Bxf5 17. Bxf5 Qc7 18. Bd3 c4 19. Be2 b5 20. Bf3 Qd7 21. Qc2
Re5 22. Rad1 Rg5 23. e4 Re5 24. exd5 Rxe1+ 25. Rxe1 Re8 26. Rxe8+ Qxe8 27. d6
Qe1# 0-1

[Event "Tournoi Skype 024B"]
[Site "Skype"]
[Date "????.??.??"]
[Round "2.11"]
[White "Duthoit, Bernard"]
[Black "Dhenain, Sebastien"]
[Result "1-0"]
[WhiteElo "1410"]
[BlackElo "1244"]
[PlyCount "49"]

1. e4 e5 2. Nf3 Nc6 3. Bc4 Bc5 4. c3 Nf6 5. d3 d6 6. Bg5 O-O 7. Nbd2 h6 8. Bh4
Bg4 9. Nb3 Bb6 10. O-O Bxf3 11. Qxf3 Na5 12. Nxa5 Bxa5 13. b4 Bb6 14. a4 a5 15.
Bxf6 gxf6 16. b5 Kh8 17. Qh5 Kg8 18. Qxh6 c6 19. Qh4 f5 20. Qg3+ Kh8 21. exf5
Rg8 22. Qh3+ Kg7 23. Qh5 Rh8 24. Qxf7+ Kh6 25. Qg6# 1-0

[Event "Tournoi Skype 024B"]
[Site "Skype"]
[Date "????.??.??"]
[Round "2.12"]
[White "Singh, Suryapratap"]
[Black "Carballo, Jorge"]
[Result "1-0"]
[WhiteElo "1177"]
[BlackElo "1398"]
[PlyCount "33"]

1. d4 d5 2. c4 e5 3. dxe5 d4 4. a3 Nc6 5. Nf3 Bg4 6. Nbd2 Bc5 7. b4 Bb6 8. c5
Bxc5 9. bxc5 Qe7 10. Qa4 O-O-O 11. Bb2 Qxc5 12. Rc1 Qb6 13. Nc4 Qa6 14. Qxa6
bxa6 15. Nxd4 Nxd4 16. Nd6+ Kd7 17. Nxf7 1-0

[Event "Tournoi Skype 024B"]
[Site "Skype"]
[Date "????.??.??"]
[Round "2.13"]
[White "Luna Perez Vico, Lorenzo"]
[Black "Douichi, Mohammed"]
[Result "1-0"]
[WhiteElo "1395"]
[BlackElo "1243"]
[PlyCount "113"]

1. e4 e5 2. Nf3 Nc6 3. Bc4 Bc5 4. Nc3 a6 5. a3 d6 6. h3 Bd7 7. d3 h6 8. Qe2 Nf6
9. Be3 Nd4 10. Qd1 O-O 11. Bd2 Be6 12. Nxd4 Bxd4 13. O-O Bxc4 14. dxc4 Qd7 15.
Re1 c6 16. Rb1 Qc7 17. Qf3 Qb6 18. Na4 Qc5 19. Nxc5 Bxc5 20. Be3 Bxe3 21. Rxe3
Rfe8 22. Rd1 Re6 23. b4 Nh7 24. Qe2 Rd8 25. Red3 Nf6 26. Qf3 Kf8 27. Qe2 Ke7
28. Rg3 g5 29. Rgd3 Ne8 30. c5 d5 31. exd5 cxd5 32. Rxd5 Rxd5 33. Rxd5 f6 34.
Qd2 f5 35. Rd7+ Kf6 36. Rxb7 e4 37. Qd4+ Kg6 38. Qd7 Kf6 39. Rb6 Rxb6 40. cxb6
Ng7 41. Qxg7+ Kxg7 42. b7 Kg6 43. b8=Q f4 44. Qb6+ Kh5 45. Qxa6 e3 46. fxe3
fxe3 47. Qe2+ Kg6 48. Qxe3 h5 49. g4 h4 50. Qe4+ Kh6 51. Kf2 Kg7 52. b5 Kf6 53.
b6 Kg7 54. b7 Kh6 55. b8=Q Kg7 56. Qbb7+ Kh6 57. Qe6# 1-0

[Event "Tournoi Skype 024B"]
[Site "Skype"]
[Date "????.??.??"]
[Round "2.14"]
[White "Asterio Dos Santos, Douglas"]
[Black "Hernandez, George"]
[Result "0-1"]
[WhiteElo "1000"]
[BlackElo "1378"]
[PlyCount "96"]

1. d4 d5 2. Nf3 Nf6 3. Bf4 Nc6 4. e3 Bg4 5. Nbd2 e6 6. Be2 Bd6 7. Ne5 Bxe2 8.
Qxe2 O-O 9. Ndf3 Ne4 10. O-O h6 11. Nxc6 bxc6 12. Bxd6 Qxd6 13. Rad1 a5 14. c4
Ng5 15. Nxg5 hxg5 16. c5 Qe7 17. Rfe1 f6 18. h3 Kf7 19. Rc1 Rh8 20. Qf3 Rh4 21.
Re2 Rah8 22. Kh2 g4 23. Qg3 gxh3 24. gxh3 Rxh3+ 25. Qxh3 Rxh3+ 26. Kxh3 f5 27.
Rcc2 g5 28. Kg3 e5 29. Rcd2 e4 30. f4 exf3 31. Kxf3 Qe4+ 32. Kg3 Qh4+ 33. Kf3
Qh3+ 34. Kf2 Qh2+ 35. Kf1 Qh1+ 36. Kf2 g4 37. b3 Qf3+ 38. Kg1 g3 39. Rc2 Kf6
40. Rcd2 Kg5 41. Rc2 Kg4 42. Rcd2 Kh3 43. a4 Qe4 44. Rd1 Qf3 45. Rdd2 Qe4 46.
Rd1 f4 47. b4 f3 48. Red2 Qxe3+ 0-1

[Event "Tournoi Skype 024B"]
[Site "Skype"]
[Date "????.??.??"]
[Round "2.15"]
[White "Lucena Vaz, Jose"]
[Black "Escudero Ocana, Francisco"]
[Result "1-0"]
[WhiteElo "1000"]
[BlackElo "1363"]
[PlyCount "131"]

1. e4 e5 2. Nf3 Nc6 3. g3 Nf6 4. d3 Bb4+ 5. c3 Ba5 6. Bg2 O-O 7. O-O d6 8. Nbd2
Bg4 9. Qb3 Bb6 10. Re1 Qd7 11. Nc4 Bh3 12. Bh1 Be6 13. Nxb6 Bxb3 14. Nxd7 Nxd7
15. axb3 Nc5 16. b4 Nxd3 17. Rd1 Nxc1 18. Rdxc1 h6 19. Nh4 Ne7 20. Ra4 c6 21.
Rd1 Rfd8 22. c4 a6 23. b5 cxb5 24. cxb5 g6 25. Rda1 Nc6 26. bxc6 bxc6 27. Rxa6
Rxa6 28. Rxa6 d5 29. exd5 cxd5 30. Nf3 e4 31. Nd4 Kg7 32. Bg2 Rb8 33. b3 Rb4
34. Ra4 Rb6 35. b4 f5 36. b5 Kf7 37. Ra6 Rb7 38. b6 Ke8 39. Ra8+ Kd7 40. Ra7
Kc8 41. Ra8+ Kd7 42. Ra7 Kc8 43. Rxb7 Kxb7 44. Bf1 Kxb6 45. f4 Kc5 46. Nb3+ Kb4
47. Nd4 Kc3 48. Ne2+ Kd3 49. Kf2 d4 50. Nc1+ Kc2 51. Ne2 d3 52. Nd4+ Kd1 53.
Ke3 Ke1 54. Bxd3 exd3 55. Kxd3 Kf2 56. Kd2 Kg2 57. Ke3 Kxh2 58. Kf3 Kh3 59. Ne6
h5 60. Ng5+ Kh2 61. Kf2 Kh1 62. Nf3 g5 63. fxg5 f4 64. g6 fxg3+ 65. Kxg3 h4+
66. Kxh4 1-0

[Event "Tournoi Skype 024B"]
[Site "Skype"]
[Date "????.??.??"]
[Round "2.16"]
[White "Franca, Diego"]
[Black "Porcabeuf, Jean-Marc"]
[Result "1-0"]
[WhiteElo "1359"]
[BlackElo "1098"]
[PlyCount "79"]

1. d4 d5 2. g3 c6 3. Bg2 Nf6 4. Nf3 Bf5 5. Bf4 e6 6. Nbd2 Bd6 7. Ne5 Bxe5 8.
Bxe5 Nbd7 9. Bf4 Nh5 10. Bd6 Ndf6 11. Be5 O-O 12. h3 Nd7 13. g4 Nxe5 14. dxe5
Nf4 15. Rh2 Bg6 16. e3 Nxg2+ 17. Rxg2 f6 18. h4 fxe5 19. h5 Qh4 20. hxg6 Qh1+
21. Nf1 Qxg2 22. gxh7+ Kh8 23. Qe2 Qe4 24. Ng3 Qxh7 25. O-O-O a5 26. Rh1 Qxh1+
27. Nxh1 b5 28. Qf1 Kg8 29. Qh3 d4 30. g5 Rf4 31. exf4 d3 32. Qxe6+ Kh8 33.
Qh3+ Kg8 34. g6 d2+ 35. Kd1 Rd8 36. Qh7+ Kf8 37. Qh8+ Ke7 38. Qxg7+ Kd6 39.
fxe5+ Ke6 40. Qf6+ 1-0

[Event "Tournoi Skype 024B"]
[Site "Skype"]
[Date "????.??.??"]
[Round "2.17"]
[White "Mishra, Sourabh"]
[Black "Morelli, Daniel"]
[Result "1-0"]
[WhiteElo "1000"]
[BlackElo "1351"]
[PlyCount "75"]

1. e4 d5 2. exd5 Qxd5 3. Nc3 Qa5 4. Nf3 c6 5. d3 Nf6 6. Bd2 Qc7 7. g3 e6 8. Bf4
Bd6 9. Bg5 Nbd7 10. Qd2 O-O 11. Bg2 a6 12. O-O-O b5 13. Ne4 Be7 14. Nd4 Bb7 15.
h4 h6 16. Be3 a5 17. Rh2 b4 18. Bh3 c5 19. Nxe6 Nxe4 20. Nxc7 Nxd2 21. Nxa8 Nf3
22. Bxd7 Nxh2 23. Nb6 Bd5 24. Nxd5 Bd8 25. Bxc5 g5 26. Bxf8 Kxf8 27. h5 g4 28.
Re1 Bg5+ 29. Kb1 Nf3 30. Re8+ Kg7 31. Bxg4 Nd2+ 32. Ka1 b3 33. axb3 Nf1 34. Ra8
Bc1 35. Rxa5 Nh2 36. Be2 Bd2 37. Ra4 Bg5 38. b4 1-0

[Event "Tournoi Skype 024B"]
[Site "Skype"]
[Date "????.??.??"]
[Round "2.18"]
[White "De Nobrega, George"]
[Black "Calderon, Francisco"]
[Result "0-1"]
[WhiteElo "1346"]
[BlackElo "1000"]
[PlyCount "58"]

1. e4 c5 2. Nf3 e6 3. d4 cxd4 4. Nxd4 Bc5 5. Nf3 Qb6 6. Qe2 Nc6 7. Qb5 Bxf2+ 8.
Kd1 Qc7 9. Qe2 Bb6 10. Nc3 a6 11. Be3 Nf6 12. h3 O-O 13. Qf2 Ba5 14. e5 Bxc3
15. exf6 Bxf6 16. c3 d5 17. Bd3 e5 18. Bg5 Bxg5 19. Nxg5 e4 20. Bc2 Qe5 21. h4
Bg4+ 22. Ke1 f6 23. Nh3 e3 24. Qf4 Qe6 25. Bd1 e2 26. Bc2 Rad8 27. Nf2 f5 28.
Nxg4 fxg4 29. Qf5 Rxf5 0-1

[Event "Tournoi Skype 024B"]
[Site "Skype"]
[Date "????.??.??"]
[Round "2.19"]
[White "Santos, Joselito"]
[Black "Khabou, Taha"]
[Result "0-1"]
[WhiteElo "1000"]
[BlackElo "1344"]
[PlyCount "90"]

1. f4 d5 2. g3 Nf6 3. Bg2 e6 4. e3 Nc6 5. a3 Ne7 6. d4 Nf5 7. Nh3 c5 8. O-O Qb6
9. c3 Bd7 10. g4 Nh4 11. g5 Nxg2 12. Kxg2 Ne4 13. Nd2 Nxd2 14. Qxd2 cxd4 15.
exd4 Bd6 16. Re1 O-O 17. b4 Rac8 18. Qb2 Qc7 19. Bd2 Qc4 20. Kg3 Qd3+ 21. Re3
Qf5 22. a4 e5 23. fxe5 Qxh3+ 24. Kf2 Qxh2+ 25. Ke1 Qg1+ 26. Ke2 Bg4+ 27. Kd3
Qg2 28. Kc2 Bf5+ 29. Kb3 Bc7 30. Ree1 Bd8 31. Rg1 Qe2 32. Rac1 Qc4+ 33. Ka3 Be7
34. Qb3 Qxb3+ 35. Kxb3 Be4 36. Rcf1 Rc6 37. b5 Rg6 38. Rc1 Rc8 39. Ra1 a6 40.
Be3 axb5 41. axb5 Rb6 42. Ra5 Bd3 43. Ka4 Rxc3 44. Ra8+ Bf8 45. Rc1 Ra3# 0-1